000 00545nam a2200181Ia 4500
005 20250508160240.0
008 008 250505s9999 xx 000 0 eng d
037 _aTextual
040 _aFEDL
_beng
_cFEDL
041 _aeng
_2eng
084 _a370.706, NCE
_qFEDL
245 0 _aParliament questions about NCERT
245 0 _cNational Council of Education Research and Training
260 _aNew Delhi, India
_bSri Aurobindo Marg
_c1969
650 _aEducation
942 _cTEXL
_h370.706, NCE
999 _c1363047
_d1363047